00358nam a2200145Ia 45000030006000000080041000060400015000471000018000622450044000802500006001242600045001303000008001755460012001830050017001950STCL150530s9999 xx 000 0 und d aSTCLcSTCL aNancy Baym, K aPersonal Connections in the Digital Age a1 bPolity press; Cambridgec2010aCambridge a184 aEnglish20220125165415.0